000 00347nam a2200109 4500
999 _c14389
_d14389
008 190914b ||||| |||| 00| 0 eng d
245 _aCyber criminals cash in on millions with formjacking, pose threats to business.
260 _aPhilippines:
_bManila Bulletin;
_cc2019.
300 _apage B-5.
650 0 _939676
_aCrimes-cyber.
942 _2ddc
_cPER